Loading...
| Philosophy | 0 | 9 | 2 | 2 | 80 | 26 | 64.33 | 6 | 7 |
| History - World History | 0 | 8 | 1 | 1 | 75 | 10 | 78.00 | 2 | 5 |
| Literature - British Literature | 0 | 6 | 0 | 1 | 60 | 33 | 69.17 | 1 | 4 |
| Fine Arts - Painting and Sculpture | 0 | 6 | 1 | 2 | 55 | 26 | 96.50 | 1 | 5 |
| Mythology | 0 | 5 | 0 | 0 | 50 | 37 | 73.20 | 3 | 4 |
| History - Other History | 0 | 6 | 2 | 1 | 50 | 49 | 87.00 | 0 | 2 |
| Literature - American Literature | 0 | 5 | 1 | 0 | 45 | 56 | 87.40 | 0 | 3 |
| Social Science | 0 | 4 | 0 | 0 | 40 | 68 | 80.25 | 0 | 3 |
| Fine Arts - Other Fine Arts | 0 | 4 | 0 | 0 | 40 | 47 | 83.50 | 0 | 2 |
| History - American History | 0 | 4 | 0 | 2 | 40 | 83 | 99.75 | 0 | 0 |
| History - European History | 0 | 5 | 2 | 1 | 40 | 88 | 105.60 | 0 | 3 |
| Religion | 0 | 4 | 1 | 1 | 35 | 45 | 100.50 | 1 | 2 |
| Literature - World Literature | 0 | 3 | 0 | 0 | 30 | 16 | 54.00 | 1 | 2 |
| Literature - European Literature | 0 | 3 | 0 | 1 | 30 | 37 | 77.00 | 2 | 2 |
| Current Events | 0 | 2 | 0 | 0 | 20 | 54 | 91.00 | 1 | 1 |
| Fine Arts - Classical Music | 0 | 1 | 0 | 0 | 10 | 29 | 29.00 | 1 | 1 |
| Other Academic | 0 | 1 | 1 | 1 | 5 | 121 | 121.00 | 0 | 0 |